Normal view
MARC view
- البلاد العربية -علاقات خارجية - افريقيا
Entry Topical Term
001 - CONTROL NUMBER
- control field: 60737
003 - CONTROL NUMBER IDENTIFIER
- control field: JO-AjAnu
005 - DATE AND TIME OF LATEST TRANSACTION
- control field: 20230606083927.0
008 - FIXED-LENGTH DATA ELEMENTS
- fixed length control field: 230606|| aca||aabn | a|a d
040 ## - CATALOGING SOURCE
- Original cataloging agency: JO-AjAnu
- Transcribing agency: JO-AjAnu
150 ## - HEADING--TOPICAL TERM
- Topical term or geographic name entry element: البلاد العربية -علاقات خارجية - افريقيا
670 ## - SOURCE DATA FOUND
- Source citation: Work cat.: (JO-AjAnu)30976: تأليف: وناس،زمان عبيد، هاشم ناصر حسين الكعبي, author 60736, تاريخ علاقات العرب مع افريقيا جنوب الصحراء